| 000 | 00000nam##2200000za#4500 |
| 001 | 9.697858 |
| 003 | CaOODSP |
| 005 | 20210624235652 |
| 007 | cr ||||||||||| |
| 008 | 150407|2000||||xxc|||||o f|0| 0 eng|d |
| 040 | |aCaOODSP|beng |
| 043 | |an-cn--- |
| 086 | 1 |aRH64-57/2000E-PDF |
| 110 | 1 |aCanada.|bHuman Resources Development Canada. |bStrategic Policy. |
| 245 | 13|aAn evaluation of the impact of the 1997-1998 small weeks projects on EI program and labour market outcomes : |h[electronic resource]|bfinal report / |cby Jane Friesen. |
| 260 | |aOttawa - Ontario : |bHuman Resources Development Canada. |cOctober 2000. |
| 300 | |a40p.|bfigs., tables |
| 504 | |aBibliography. |
| 590 | |a13-12-Supp|b2013-05-10 |
| 690 | 07|aEmployment insurance|2gcpds |
| 775 | 08|tÉvaluation des répercussions des projets des semaines réduites de 1997-1998 sur le régime d'assurance-emploi et résultats sur le marché du travail : |w(CaOODSP)9.641864 |
| 856 | 40|ahttp://publications.gc.ca|qPDF|s642 KB|uhttps://publications.gc.ca/collections/collection_2013/rhdcc-hrsdc/RH64-57-2000-eng.pdf |
| 986 | |aSP-AH132-03-00E |